Pokémon - Les attaques de Pikachu - Statistiques

Statistiques générales
  • Ce quiz a été pris 949 fois
    283 depuis la dernière actualisation
  • Le résultat moyen est 10 sur 20
Statistiques - réponses
Niveaux Types Noms des coups % Correct
Niveau 36 Électrique Tonnerre
94%
Départ Électrique Éclair
87%
Niveau 28 Acier Queue de Fer
85%
Départ Normal Vive-Attaque
82%
Niveau 44 Électrique Fatal-Foudre
81%
Départ Normal Mimi-Queue
68%
Niveau 4 Électrique Cage-Éclair
61%
Niveau 12 Électrique Boule Élek
57%
Départ Normal Rugissement
56%
Départ Fée Charme
48%
Départ Électrique Frotte-Frimousse
46%
Niveau 24 Psy Hâte
44%
Niveau 20 Électrique Étincelle
37%
Niveau 32 Électrique Coup d'Jus
25%
Niveau 40 Psy Mur Lumière
24%
Niveau 8 Normal Reflet
22%
Départ Fée Doux Baiser
13%
Départ Ténèbres Machination
11%
Niveau 16 Normal Ruse
10%
Départ Normal Camaraderie
9%
Aucun quiz correspondant
Distribution des résultats
% des personnes avec chaque résultat
Percentile par nombre de réponses
Votre historique - résultats
Vous n’avez pas pris ce quiz depuis la dernière actualisation